Statistics for Every St-Andrews library user ever

Click here to take the quiz!

General Stats

  • This quiz has been taken 12 times
    (11 since last reset)
  • The average score is 31 of 48

Answer Stats

Answer% Correct
Alex Taylor
100%
Ben Hines
100%
Cameron Reynolds
100%
Darcie Nash
100%
David Leach
100%
Elliot Moore
100%
George Kirby
100%
Imogen Coldicot
100%
Maggie Swan
100%
Sam Hill
100%
Sam James
100%
Scott White
100%
Stanley Palmer
100%
Tom Ashdown
100%
Ben Wakefield
80%
Charlie Newman
80%
Clevin Tissera
80%
Dan Scott
80%
Eva Bunting
80%
Gergely Nemeth
80%
Jack Gaffney
80%
Matt Walk
80%
Poppy Imms
80%
Will Bishop
80%
Amelie Hodson
60%
Joe Morrison
60%
John Carney
60%
Jon Robinson
60%
Luke Schooling
60%
Omar Attia
60%
Ben Walker
40%
Biaggio Boscia
40%
Clodagh Gray
40%
Ella Whittaker
40%
Grace Howard
40%
Matt Plowman
40%
Ollie Tubb
40%
Piers Bunford
40%
Sam McDowell
40%
Tabby Mason
40%
Teodora Petrovic
40%
Annika Michael
20%
Charles Upfold
20%
Isabella Marks
20%
Noah Truscott
20%
Adrian Tobi
0%
Amy Barnhouse
0%
Tiffany Tobi
0%

Score Distribution

Percentile by Number Answered

Percent of People with Each Score

Your Score History

You have not taken this quiz since the last reset